Statistics for Most Populated City in Each County in Arizona

Click here to take the quiz!

General Stats

  • This quiz has been taken 28 times
  • The average score is 9 of 15

Answer Stats

CountyCity Pop.City% Correct
Coconino76,989Flagstaff
100%
Maricopa1,608,139Phoenix
100%
Yuma97,093Yuma
100%
Pima543,242Tucson
95%
Mohave58,284Lake Havasu City
90%
Santa Cruz19,766Nogales
81%
Cochise45,479Sierra Vista
57%
Yavapai194,917Peoria
52%
Pinal62,720Maricopa
43%
Navajo11,967Show Low
38%
Graham10,269Safford
33%
La Paz3,338Parker
29%
Greenlee3,847Clifton
24%
Gila16,516Payson
24%
Apache4,439Eagar
19%

Score Distribution

Percentile by Number Answered

Percent of People with Each Score

Your Score History

You have not taken this quiz